000 00548nam a2200169Ia 4500
008 090201s9999 xx 000 0 und d
010 _aKPL-48642
040 _bमराठी
041 _aमराठी
082 _a36205
_b48642
100 _aशकंुतला गोगटे
245 _aमृगजळाची तहान
_cशकंुतला गोगटे
260 _c2004
_bवसंत बुक स्टॉल
300 _a142
_bमोठा
600 _aमृगजळाची तहान
942 _cBOOK
999 _c234212
_d234212